• 首页
  • 本馆介绍
  • 公告通知
  • 最新文献
  • 馆藏检索
  • 电子资源
  • 读者导购
  • 参考咨询
  • 我的图书馆
  • 登录
  • 详细信息显示
  • 放入我的书架
  • 预约/预借图书
  • 作者相关作品
  • 分类相关作品
  • 丛书相关作品
  • 出版社相关作品

书目信息

  • 表格格式
  • 工作单格式
  • 卡片格式
题名:
回答
    
 
作者: 奈斯克, , 克特琳, 编著 ;陈春文, 译
分册:  
出版信息: 南京   江苏教育出版社  2005
页数: 251页
开本: 23cm
丛书名: 西方文库·思想译丛
单 册:
中图分类: B516.54
科图分类:
主题词: 哲学思想--德国--现代
电子资源:
ISBN: 7-5343-6886-3
000 01707nam0 2200421 450
000 01670nam0 2200409 450
000 01651nam0 2200409 450
000 01614nam0 2200397 450
000 01643nam0 2200385 450
000 01606nam0 2200373 45
005 20061210152854.17
010    @a7-5343-6886-3@dCNY22.80
092    @aCN@bXF05-67-009
099    @aCAL 012005135382
100    @a20060829d emky0chiy0121 ea
101 1  @achi@cger
102    @aCN@b320000
105    @ay z 000yy
200 1  @a回答@AHui Da@e马丁·海德格尔说话了@EMa Ding· Hai De Ge Er Shuo Hua Liao@d= Antwort@eMartin Heidegger im gesprach@f(德) 贡特·奈斯克, 埃米尔·克特琳编著@F( De ) Gong Te· Nai Si Ke , Ai Mi Er· Ke Te Lin Bian Zhu@g陈春文译@zger
210    @a南京@c江苏教育出版社@d2005
215    @a251页@d23cm
225 0  @a西方文库·思想译丛@AXi Fang Wen Ku ·si Xiang Yi Cong@h第一辑
300    @a并列题名:Antwort
300    @a其他题名:马丁·海德格尔说话了
410  0 @12001 @a西方文库思想译丛@h第一辑
410  0 @12001 @a西方文库·思想译丛
510 1  @aAntwort@eMartin Heidegger im gesprach@zger
517 1  @a马丁·海德格尔说话了@AMa Ding· Hai De Ge Er Shuo Hua Liao
600  1 @a海德格尔,@AHai De Ge Er@bM.@g(Heidegger, Martin),@f1889-1976@x哲学思想@x研究
606 0  @a哲学思想@x德国@z现代
690    @aB516.54@v4
701  1 @a奈斯克,@ANai Si Ke ,@bG.@g(Neske G.)@4编著
701  1 @a克特琳,@AKe Te Lin ,@bE.@g(Kettering E.)@4编著
702  0 @a陈春文,@AChen Chun Wen ,@f1961-@4译
801  0 @aCN@b中图数据@c20061210
905    @a10447@dB516.54@e111
    
    回答:马丁·海德格尔说话了= Antwort:Martin Heidegger im gesprach/(德) 贡特·奈斯克, 埃米尔·克特琳编著/陈春文译.-南京:江苏教育出版社,2005
    251页;23cm.-(西方文库·思想译丛.第一辑)
    并列题名:Antwort.-其他题名:马丁·海德格尔说话了
    
    ISBN 7-5343-6886-3:CNY22.80
    
●
相关链接 在E读中查询图书 在五车中查询图书 在当当中查询图书 在豆瓣中查询图书


正题名:回答     索取号:B516.54/111         预约/预借

序号 登录号 条形码 馆藏地/架位号 状态 备注
1 0610368   206103688   第一样本阅览室/ [索取号:B516.54/111] 在馆    
2 0610369   206103697   第一借阅区/ [索取号:B516.54/111] 在馆    
3 0610370   206103704   第一借阅区/ [索取号:B516.54/111] 在馆    
4 0610371   206103713   第一借阅区/ [索取号:B516.54/111] 在馆    
5 0610372   206103722   第一借阅区/ [索取号:B516.54/111] 在馆    
6 0610373   206103731   第一借阅区/ [索取号:B516.54/111] 在馆    
唐山师范学院图书馆 欢迎您!
大连网信软件有限公司© 版权所有